<?xml version="1.0" encoding="UTF-8"?>
<record
    xmlns:xsi="http://www.w3.org/2001/XMLSchema-instance"
    xsi:schemaLocation="http://www.loc.gov/MARC21/slim http://www.loc.gov/standards/marcxml/schema/MARC21slim.xsd"
    xmlns="http://www.loc.gov/MARC21/slim">

  <leader>02432cam a22004697a 4500</leader>
  <controlfield tag="003">OSt</controlfield>
  <controlfield tag="005">20240530110421.0</controlfield>
  <controlfield tag="008">110209s2009    ua abe f b    001 0 eng</controlfield>
  <datafield tag="020" ind1=" " ind2=" ">
    <subfield code="a">9780500051597 (hbk.)</subfield>
  </datafield>
  <datafield tag="020" ind1=" " ind2=" ">
    <subfield code="a">0500051593 (hbk.)</subfield>
  </datafield>
  <datafield tag="035" ind1=" " ind2=" ">
    <subfield code="a">(OCoLC)ocn429599102</subfield>
  </datafield>
  <datafield tag="040" ind1=" " ind2=" ">
    <subfield code="a">EG-CaGPL</subfield>
    <subfield code="c">EG-CaGPL</subfield>
  </datafield>
  <datafield tag="042" ind1=" " ind2=" ">
    <subfield code="a">lccopycat</subfield>
  </datafield>
  <datafield tag="082" ind1="0" ind2="4">
    <subfield code="2">21</subfield>
    <subfield code="a">932</subfield>
    <subfield code="b">CC/Z L</subfield>
  </datafield>
  <datafield tag="100" ind1="0" ind2=" ">
    <subfield code="a">Zahi Hawass</subfield>
  </datafield>
  <datafield tag="245" ind1="1" ind2="4">
    <subfield code="a">The Noble tombs of Thebes :</subfield>
    <subfield code="b">life in paradise /</subfield>
    <subfield code="c">Zahi Hawass ; photographs by Sandro Vannini.</subfield>
  </datafield>
  <datafield tag="260" ind1=" " ind2=" ">
    <subfield code="a">cairo :</subfield>
    <subfield code="a">New York :</subfield>
    <subfield code="b">The American University in Cairo Press,</subfield>
    <subfield code="c">2009.</subfield>
  </datafield>
  <datafield tag="300" ind1=" " ind2=" ">
    <subfield code="a">288 p. :</subfield>
    <subfield code="b">ill. (chiefly col.), maps (some col.), plans ;</subfield>
    <subfield code="c">35 cm.</subfield>
  </datafield>
  <datafield tag="504" ind1=" " ind2=" ">
    <subfield code="a">Includes bibliographical references (p. 287) and index.</subfield>
  </datafield>
  <datafield tag="505" ind1="0" ind2=" ">
    <subfield code="a">The eternal house of the soul -- The nobles of the new kingdom at Thebes -- The function and architecture of the Theban tombs -- Art and artists: the decoration of the Theban tombs -- Scenes of earthly life -- From death to eternal life -- Cult rituals, offering meals, and banquets -- Taking it with you: burial equipment -- Explorers and vandals, ancient and modern -- Saving the Valley of the Nobles.</subfield>
  </datafield>
  <datafield tag="520" ind1=" " ind2=" ">
    <subfield code="a">Shows the tombs of Thebes, the landscape of the ancient city, and the lives of the nobles who lived there during Egypt's golden age.</subfield>
  </datafield>
  <datafield tag="650" ind1=" " ind2="0">
    <subfield code="a">Tombs</subfield>
    <subfield code="z">Egypt</subfield>
    <subfield code="z">Valley of the Kings.</subfield>
  </datafield>
  <datafield tag="650" ind1=" " ind2="0">
    <subfield code="a">Tombs</subfield>
    <subfield code="z">Egypt</subfield>
    <subfield code="z">Valley of the Kings</subfield>
    <subfield code="v">Pictorial works.</subfield>
  </datafield>
  <datafield tag="650" ind1=" " ind2="0">
    <subfield code="a">Tombs</subfield>
    <subfield code="x">Decoration</subfield>
    <subfield code="z">Egypt</subfield>
    <subfield code="z">Valley of the Kings.</subfield>
  </datafield>
  <datafield tag="650" ind1=" " ind2="0">
    <subfield code="a">Mural painting and decoration, Egyptian</subfield>
    <subfield code="z">Egypt</subfield>
    <subfield code="z">Valley of the Kings.</subfield>
  </datafield>
  <datafield tag="650" ind1=" " ind2="7">
    <subfield code="a">Grab</subfield>
    <subfield code="z">&#xC4;gypten (altes)</subfield>
    <subfield code="z">Theben (&#xC4;gypten)</subfield>
    <subfield code="v">Bildband.</subfield>
    <subfield code="2">idsbb</subfield>
  </datafield>
  <datafield tag="650" ind1=" " ind2="7">
    <subfield code="a">Wandmalerei</subfield>
    <subfield code="z">&#xC4;gypten (altes)</subfield>
    <subfield code="z">Theben (&#xC4;gypten)</subfield>
    <subfield code="v">Bildband.</subfield>
    <subfield code="2">idsbb</subfield>
  </datafield>
  <datafield tag="650" ind1=" " ind2="7">
    <subfield code="a">Tombs</subfield>
    <subfield code="z">Valley of the Kings (Egypt)</subfield>
    <subfield code="2">sears</subfield>
  </datafield>
  <datafield tag="650" ind1=" " ind2="7">
    <subfield code="a">Decoration and ornament</subfield>
    <subfield code="z">Valley of the Kings (Egypt)</subfield>
    <subfield code="2">sears</subfield>
  </datafield>
  <datafield tag="650" ind1=" " ind2="7">
    <subfield code="a">Mural painting and decoration</subfield>
    <subfield code="z">Valley of the Kings (Egypt)</subfield>
    <subfield code="2">sears</subfield>
  </datafield>
  <datafield tag="650" ind1="0" ind2="7">
    <subfield code="a">Grab</subfield>
    <subfield code="2">swd</subfield>
  </datafield>
  <datafield tag="650" ind1="0" ind2="7">
    <subfield code="a">Wandmalerei</subfield>
    <subfield code="2">swd</subfield>
  </datafield>
  <datafield tag="650" ind1="0" ind2="7">
    <subfield code="a">Sperrung</subfield>
    <subfield code="2">swd</subfield>
  </datafield>
  <datafield tag="650" ind1="0" ind2="7">
    <subfield code="a">Publikum</subfield>
    <subfield code="2">swd</subfield>
  </datafield>
  <datafield tag="651" ind1=" " ind2="0">
    <subfield code="a">Valley of the Kings (Egypt)</subfield>
    <subfield code="x">Antiquities.</subfield>
  </datafield>
  <datafield tag="651" ind1=" " ind2="0">
    <subfield code="a">Valley of the Kings (Egypt)</subfield>
    <subfield code="x">Antiquities</subfield>
    <subfield code="v">Pictorial works.</subfield>
  </datafield>
  <datafield tag="651" ind1=" " ind2="7">
    <subfield code="a">Valley of the Kings (Egypt)</subfield>
    <subfield code="x">Antiquities.</subfield>
    <subfield code="2">sears</subfield>
  </datafield>
  <datafield tag="651" ind1=" " ind2="7">
    <subfield code="a">Valley of the Kings (Egypt)</subfield>
    <subfield code="x">Antiquities</subfield>
    <subfield code="v">Pictorial works.</subfield>
    <subfield code="2">sears</subfield>
  </datafield>
  <datafield tag="651" ind1=" " ind2="7">
    <subfield code="a">Theben (&#xC4;gypten)</subfield>
    <subfield code="2">swd</subfield>
  </datafield>
  <datafield tag="700" ind1="1" ind2=" ">
    <subfield code="a">Vannini, Sandro.</subfield>
  </datafield>
  <datafield tag="942" ind1=" " ind2=" ">
    <subfield code="2">ddc</subfield>
    <subfield code="c">BK</subfield>
  </datafield>
  <datafield tag="999" ind1=" " ind2=" ">
    <subfield code="c">60663</subfield>
    <subfield code="d">60663</subfield>
  </datafield>
  <datafield tag="952" ind1=" " ind2=" ">
    <subfield code="0">0</subfield>
    <subfield code="1">0</subfield>
    <subfield code="2">ddc</subfield>
    <subfield code="4">0</subfield>
    <subfield code="7">0</subfield>
    <subfield code="a">CAI</subfield>
    <subfield code="b">CAI</subfield>
    <subfield code="d">2015-03-11</subfield>
    <subfield code="l">0</subfield>
    <subfield code="o">932 CC/Z L</subfield>
    <subfield code="p">159763</subfield>
    <subfield code="r">2015-03-11 00:00:00</subfield>
    <subfield code="w">2015-03-11</subfield>
    <subfield code="y">BK</subfield>
  </datafield>
</record>
